| 000 | 01553nam a22001937a 4500 | ||
|---|---|---|---|
| 005 | 20260203160127.0 | ||
| 082 | _a004 ROS | ||
| 100 |
_aRosna P Haroon _9958 |
||
| 100 |
_aNurjahan V A _9959 |
||
| 100 |
_aTheresa Jose _91231 |
||
| 245 | _aFoundations of Computing: From Hardware Essentials to Web Design | ||
| 250 | _a1 | ||
| 260 |
_aIlahia Publishers _bMuvattupuzha _c2024 |
||
| 300 | _aPrint length : 209 pages | ||
| 520 | _aDive into the comprehensive world of computing with this essential textbook designed specifically for the KTU 2024 scheme. This authoritative guide takes you on a journey from the fundamental hardware components to the intricacies of modern web design. The book presents complex technical concepts in an accessible format, making it an invaluable resource for students and enthusiasts alike. Each chapter systematically builds your understanding of computing foundations, ensuring a solid grasp of both theoretical principles and practical applications. Whether you're exploring computer architecture, understanding operating systems, or learning web design principles, this textbook serves as your complete companion. The content is thoughtfully structured to align with current academic requirements, featuring clear explanations, relevant examples, and practical exercises to reinforce learning. Perfect for both classroom use and self-study, this book equips readers with the knowledge needed to excel in today's digital landscape. | ||
| 546 | _aLanguage : English | ||
| 650 |
_aCSE _914 |
||
| 942 | _cBK | ||
| 999 |
_c38173 _d38173 |
||